001830000a220007300045001000023000002450036000233000037000597730013000961 aRanney, Stephen L.10aStrategies for fuelwood savings aNúm 10 (1986), Páginas 35-370 tTogether